[Event "Sparkassen Open A"]
[Site "Dortmund GER"]
[Date "2012.07.19"]
[Round "6.12"]
[White "Schorra, Helmut"]
[Black "Ciornei, Dragos"]
[Result "0-1"]
[WhiteElo "2081"]
[BlackElo "2182"]
[WhiteFideId "4648692"]
[BlackFideId "4619200"]
[EventDate "2012.07.14"]

1. e4 e5 2. Nf3 Nc6 3. d4 exd4 4. Nxd4 Bc5 5. Nb3 Bb6 6. Nc3 Qf6 7. Qe2 Nge7 8.
Be3 d6 9. O-O-O O-O 10. Kb1 Be6 11. f3 Bxe3 12. Qxe3 a5 13. a4 Rfd8 14. Nd5 Bxd5
15. exd5 Nb4 16. Bc4 c6 17. dxc6 bxc6 18. Rhe1 Ned5 19. Qf2 Rdb8 20. Nd4 Nc3+
21. Ka1 Nxd1 22. Rxd1 d5 23. Bf1 Rb7 24. Rb1 Qxd4 0-1

[Event "Sparkassen Open A"]
[Site "Dortmund GER"]
[Date "2012.07.19"]
[Round "6.13"]
[White "Rueberg, Jobst"]
[Black "Hecht, Carsten"]
[Result "1/2-1/2"]
[WhiteTitle "FM"]
[WhiteElo "2178"]
[BlackElo "2050"]
[WhiteFideId "4677501"]
[BlackFideId "24693928"]
[EventDate "2012.07.14"]

1. e3 Nf6 2. c4 g6 3. b3 Bg7 4. Bb2 O-O 5. Nf3 c5 6. Be2 Nc6 7. a3 d5 8. cxd5
Nxd5 9. Bxg7 Kxg7 10. Qc2 Qd6 11. Nc3 b6 12. O-O 1/2-1/2

[Event "Sparkassen Open A"]
[Site "Dortmund GER"]
[Date "2012.07.19"]
[Round "6.14"]
[White "Zimmermann, Dirk"]
[Black "Mundorf, Johannes"]
[Result "0-1"]
[WhiteElo "2069"]
[BlackElo "2174"]
[WhiteFideId "4677498"]
[BlackFideId "24672491"]
[EventDate "2012.07.14"]

1. d4 e6 2. c4 Bb4+ 3. Nd2 Nf6 4. Nf3 b6 5. g3 Bb7 6. Bg2 O-O 7. O-O Bxd2 8.
Bxd2 d6 9. Rc1 Nbd7 10. b4 Ne4 11. Be3 c5 12. Nd2 Nxd2 13. Qxd2 Bxg2 14. Kxg2
Qc7 15. Rfd1 cxb4 16. Qxb4 Qb7+ 17. f3 d5 18. Bf4 Qa6 19. a4 Rfc8 20. Qb5 Qxb5
21. cxb5 Kf8 22. Rc6 Rxc6 23. bxc6 Nf6 24. a5 Rc8 25. axb6 axb6 26. c7 Ke7 27.
Rc1 Kd7 28. Rb1 Kc6 29. Bg5 Rxc7 30. Bxf6 gxf6 31. h4 b5 32. Kf2 Kb6 33. Ke3 Rc4
34. Kd3 b4 35. Ra1 Rc3+ 36. Kd2 Rc7 37. g4 Kb5 38. Rb1 Ka4 39. Ra1+ Kb3 40. Rb1+
Ka3 41. Ra1+ Kb2 42. Ra8 b3 43. Rb8 Ka2 44. Ra8+ Kb2 45. Rb8 Rc4 46. e3 Ka3 47.
Rb7 b2 0-1

[Event "Sparkassen Open A"]
[Site "Dortmund GER"]
[Date "2012.07.19"]
[Round "6.17"]
[White "Lenaerts, Lennert"]
[Black "Krueger, Andre"]
[Result "1/2-1/2"]
[WhiteElo "2044"]
[BlackElo "2143"]
[WhiteFideId "211435"]
[BlackFideId "4665040"]
[EventDate "2012.07.14"]

1. c4 c5 2. g3 Nc6 3. Bg2 g6 4. Nc3 Bg7 5. a3 d6 6. d3 Bf5 7. Nf3 Qd7 8. Nd5 Nf6
9. Qa4 Nxd5 10. cxd5 Nd4 11. Qxd7+ Bxd7 12. Nxd4 Bxd4 13. Rb1 a5 14. Bd2 b5 15.
Bc3 Bxc3+ 16. bxc3 O-O 17. Kd2 Rfc8 18. Rb2 Rab8 19. Rhb1 Rc7 20. e4 g5 21. f4
gxf4 22. gxf4 Kh8 23. Bf3 Rg8 24. Ke3 Rg6 25. e5 Rc8 26. Bh5 Rg7 27. Bxf7 Rxf7
28. e6 Bxe6 29. dxe6 Rf6 30. Rxb5 Rxe6+ 31. Kf3 Rf8 32. Rb8 Kg7 33. Rxf8 Kxf8
34. Rb5 Rh6 35. Rxa5 Rxh2 36. Ra7 c4 37. dxc4 Rc2 38. Ke4 Rxc3 39. Kd5 Kf7 40.
Kd4 Rg3 41. Ra5 1/2-1/2

[Event "Sparkassen Open A"]
[Site "Dortmund GER"]
[Date "2012.07.19"]
[Round "6.18"]
[White "Reisberg, Andre"]
[Black "Faust, Martin"]
[Result "1-0"]
[WhiteElo "1965"]
[BlackElo "2133"]
[WhiteFideId "1270630"]
[BlackFideId "4623517"]
[EventDate "2012.07.14"]

1. d4 d5 2. c4 c6 3. e3 Nf6 4. Nc3 g6 5. cxd5 cxd5 6. Nf3 Bg7 7. Bb5+ Bd7 8. Qb3
Bxb5 9. Qxb5+ Qd7 10. Ne5 Qxb5 11. Nxb5 Na6 12. Bd2 Ne4 13. f3 Nxd2 14. Kxd2 f6
15. Nd3 Kd7 16. Rac1 e6 17. Rc2 Bf8 18. Rhc1 Bd6 19. Nxd6 Kxd6 20. b4 Rad8 21.
b5 Nb8 22. Nc5 Ke7 23. Nxb7 Rd7 24. Rc7 1-0

[Event "Sparkassen Open A"]
[Site "Dortmund GER"]
[Date "2012.07.19"]
[Round "6.19"]
[White "Henkemeier, Michael"]
[Black "Schiefelbusch, Dirk"]
[Result "0-1"]
[WhiteElo "1898"]
[BlackElo "2109"]
[WhiteFideId "24611379"]
[BlackFideId "4694139"]
[EventDate "2012.07.14"]

1. d4 d5 2. Nf3 Nf6 3. c4 c6 4. Nc3 dxc4 5. a4 Bf5 6. Ne5 Nbd7 7. Nxc4 Qc7 8. g3
e5 9. Bg2 Be7 10. O-O Rd8 11. Be3 O-O 12. Qc1 Ng4 13. d5 Nb6 14. Bxb6 axb6 15.
e4 Bc8 16. Rd1 Bc5 17. Ne3 Nxe3 18. fxe3 b5 19. axb5 Qb6 20. Rd3 cxb5 21. Qd2 f5
22. Nd1 f4 23. b4 Be7 24. Rb1 fxg3 25. hxg3 Qg6 26. Qe1 Rd6 27. Rc3 Qh5 28. Nf2
Rh6 29. Rc2 Qh2+ 30. Kf1 Qxg3 31. Rbc1 Rh2 32. Rxc8 Qxg2+ 33. Ke2 Qxf2+ 34. Qxf2
Rxf2+ 35. Kd3 Bxb4 36. R8c2 Rxc2 37. Rxc2 Bd6 38. Ra2 Rd8 39. Ra7 Rd7 40. Kc3
Kf7 0-1

[Event "Sparkassen Open A"]
[Site "Dortmund GER"]
[Date "2012.07.19"]
[Round "6.20"]
[White "Imcke, Patrick"]
[Black "Heinzel, Peter"]
[Result "1/2-1/2"]
[WhiteElo "1874"]
[BlackElo "2083"]
[WhiteFideId "4622502"]
[BlackFideId "24682632"]
[EventDate "2012.07.14"]

1. e4 b6 2. d4 Bb7 3. Nc3 e6 4. Bd3 Nf6 5. Nge2 c5 6. O-O Nc6 7. e5 cxd4 8. exf6
dxc3 9. fxg7 Bxg7 10. Nxc3 Bxc3 11. bxc3 Ne5 12. Be2 Rg8 13. f3 Qc7 14. Qd4 Ng6
15. Bg5 h6 16. Bxh6 Rh8 17. Qd2 O-O-O 18. g3 Rdg8 19. Rf2 f5 20. Rg2 Rh7 21. a4
Ne5 22. Bf4 Qc5+ 23. Qd4 Nxf3+ 24. Bxf3 Bxf3 25. Qxc5+ bxc5 26. Rb1 Bb7 27. Bd6
Rg4 28. a5 Ra4 29. c4 Rxa5 30. c3 Ra6 31. Rd2 Rc6 32. Rb5 a6 33. Ra5 Rb6 34.
Rxc5+ Bc6 35. h4 Rb1+ 36. Kf2 Kb7 37. Ra5 Kb6 38. Raa2 Be4 39. Ke3 Kc6 40. Rxa6+
Rb6 41. Ra8 Rb1 42. Rc8+ Kb7 43. Rb8+ Kc6 44. Rg8 Rf7 45. Kf4 Bd5 46. c5 e5+ 47.
Kxe5 Re1+ 48. Kd4 Re4+ 49. Kd3 Bc4+ 50. Kc2 Re2 51. h5 Rh7 52. Rg5 Rxd2+ 53.
Kxd2 Be6 54. Ke3 Kb5 55. Kf4 Bf7 56. Kxf5 Bxh5 57. Rg8 Rf7+ 58. Kg5 Bd1 59. g4
Rf1 60. Kh6 Rh1+ 1/2-1/2

[Event "Sparkassen Open A"]
[Site "Dortmund GER"]
[Date "2012.07.19"]
[Round "6.21"]
[White "Boehm, Juergen2"]
[Black "Rohovoy, Dmitrij"]
[Result "1-0"]
[WhiteElo "2225"]
[BlackElo "1969"]
[WhiteFideId "4606434"]
[BlackFideId "12903124"]
[EventDate "2012.07.14"]

1. d4 d5 2. c4 e6 3. Nc3 c6 4. Nf3 Nf6 5. Bg5 Nbd7 6. e3 Qa5 7. cxd5 exd5 8. Bd3
Bd6 9. O-O O-O 10. Qc2 Re8 11. Rab1 Qc7 12. Rfc1 a6 13. b4 Be7 14. a4 Qd8 15. b5
Ne4 16. Bxe4 Bxg5 17. Bxh7+ Kh8 18. bxc6 bxc6 19. Bd3 Re6 20. Nxd5 Rh6 21. Be4
cxd5 22. Nxg5 1-0

[Event "Sparkassen Open A"]
[Site "Dortmund GER"]
[Date "2012.07.19"]
[Round "6.22"]
[White "Butschek, Marc"]
[Black "Baumhackel, Mario"]
[Result "0-1"]
[WhiteElo "1943"]
[BlackElo "2126"]
[WhiteFideId "4630904"]
[BlackFideId "4636953"]
[EventDate "2012.07.14"]

1. e4 d5 2. exd5 Qxd5 3. Nc3 Qa5 4. d4 Nf6 5. Bd2 c6 6. Bd3 Qc7 7. Nf3 Bg4 8. h3
Bh5 9. O-O e6 10. Re1 Nbd7 11. Rb1 Bd6 12. b4 O-O 13. b5 c5 14. b6 axb6 15. Nb5
Qb8 16. g4 Bg6 17. Bxg6 hxg6 18. g5 Nd5 19. c4 Nf4 20. Re4 Nh5 21. Be3 Rd8 22.
d5 exd5 23. Qxd5 Ndf6 24. gxf6 Nxf6 25. Qg5 Nxe4 26. Qh4 Nf6 27. Bg5 Qc8 28.
Bxf6 gxf6 29. Re1 Qc6 30. Kg2 Be5 31. Re4 Kg7 0-1

[Event "Sparkassen Open A"]
[Site "Dortmund GER"]
[Date "2012.07.19"]
[Round "6.24"]
[White "Fistoul, Michail"]
[Black "Pedersen, Lars Wisler"]
[Result "0-1"]
[WhiteElo "2087"]
[BlackElo "1853"]
[WhiteFideId "24662976"]
[BlackFideId "1417045"]
[EventDate "2012.07.14"]

1. d4 d5 2. c4 c6 3. Nf3 Nf6 4. Nc3 Bf5 5. Nh4 Be4 6. f3 Bg6 7. Nxg6 hxg6 8. Be3
dxc4 9. a4 Nd5 10. Bf2 Qa5 11. e4 Nxc3 12. Qd2 b5 13. bxc3 e6 14. Be2 a6 15. O-O
Qc7 16. g3 Nd7 17. Rfe1 Nf6 18. Bf1 Be7 19. f4 Ng4 20. h3 Nxf2 21. Qxf2 Bf6 22.
e5 Be7 23. axb5 cxb5 24. Bg2 Ra7 25. Qb2 O-O 26. Be4 Rb8 27. Qe2 a5 28. Kg2 b4
29. cxb4 Rxb4 30. d5 exd5 31. Bxd5 Qb6 32. Qe4 Rb2+ 33. Kf3 c3 34. Bxf7+ Kxf7
35. e6+ Kf8 36. Qxg6 Bf6 37. Rac1 Re7 38. Qf5 a4 39. Rxc3 Rb3 40. Ree3 Rxc3 41.
Rxc3 Qd8 42. Rd3 Qe8 43. g4 Rxe6 44. g5 Re1 45. Qc5+ Be7 46. Qf5+ Kg8 47. g6
Qc6+ 48. Rd5 Qc3+ 49. Rd3 Qc6+ 50. Kg4 Qg2+ 51. Kh5 Qe2+ 52. Qg4 Qxd3 53. Qc8+
Bd8 0-1

[Event "Sparkassen Open A"]
[Site "Dortmund GER"]
[Date "2012.07.19"]
[Round "6.25"]
[White "Elefteriadis, Paul-Gabriel"]
[Black "Pustelny-Conrad, Dieter"]
[Result "1/2-1/2"]
[WhiteElo "1880"]
[BlackElo "2070"]
[WhiteFideId "24626236"]
[BlackFideId "24695858"]
[EventDate "2012.07.14"]

1. c4 e5 2. g3 Nc6 3. Bg2 Bc5 4. Nc3 Nf6 5. e3 O-O 6. Nge2 Re8 7. O-O d6 8. d4
Bb6 9. d5 Ne7 10. Na4 Qd7 11. e4 Qg4 12. Nxb6 axb6 13. Nc3 Rf8 14. Qxg4 Bxg4 15.
Bg5 h6 16. Bxf6 gxf6 17. f4 Bd7 18. Rf2 c6 19. Rd1 c5 20. a3 Kg7 21. Bf1 Rh8 22.
Be2 h5 23. Rdf1 Raf8 24. fxe5 fxe5 25. Rf6 Nc8 26. Nb5 Rh6 27. Rxh6 Kxh6 28.
Nxd6 f6 29. Nf5+ Kg6 30. g4 Bxf5 31. gxf5+ Kg5 32. Kf2 Kf4 33. Bd3 Nd6 34. Ke2+
Kg4 35. Rf3 Kh4 36. Rg3 Nf7 37. Ke3 Ng5 38. Bf1 Ra8 39. Be2 Ra4 40. Bf1 b5 41.
d6 Ra6 42. cxb5 Rxd6 43. Bc4 Nxe4 44. Kxe4 Rd4+ 45. Ke3 Rxc4 46. Rg6 Rc2 47.
Rxf6 Kg5 48. Rb6 Kxf5 49. Rxb7 Rxb2 50. a4 Ra2 51. Ra7 Rb2 52. Rb7 1/2-1/2

[Event "Sparkassen Open A"]
[Site "Dortmund GER"]
[Date "2012.07.19"]
[Round "6.26"]
[White "Schmidt, Kai-Uwe"]
[Black "Haase, Thomas Konstantin"]
[Result "0-1"]
[WhiteElo "2051"]
[BlackElo "1849"]
[WhiteFideId "4608755"]
[BlackFideId "12916773"]
[EventDate "2012.07.14"]

1. d4 Nf6 2. c4 g6 3. g3 c6 4. d5 cxd5 5. cxd5 Qa5+ 6. Nc3 b5 7. Bg2 Bb7 8. e4
e6 9. Qd4 Bg7 10. b4 Qd8 11. e5 Nxd5 12. Bxd5 Bxd5 13. Nxd5 exd5 14. Nf3 Nc6 15.
Qxd5 Nxb4 16. Qe4 Nc6 17. O-O O-O 18. Rd1 Re8 19. Bg5 Qc7 20. Rac1 Bxe5 21. Qh4
Bg7 22. Bf6 h6 23. Rc5 d6 24. Rxb5 Ne5 25. Bxe5 dxe5 26. Rbd5 e4 27. Nd4 e3 28.
fxe3 Rxe3 29. Nb5 Qb6 30. Rd8+ Kh7 31. Kf2 Re4+ 0-1

[Event "Sparkassen Open A"]
[Site "Dortmund GER"]
[Date "2012.07.19"]
[Round "6.28"]
[White "Niekrens, Stefan"]
[Black "Schneidereit, Manfred"]
[Result "1-0"]
[WhiteElo "1996"]
[BlackElo "1820"]
[WhiteFideId "24635383"]
[BlackFideId "24622346"]
[EventDate "2012.07.14"]

1. e4 Nc6 2. Nf3 Nf6 3. e5 Ng4 4. d4 d6 5. h3 Nh6 6. Bb5 e6 7. O-O Bd7 8. Bg5
Be7 9. Bxh6 gxh6 10. exd6 cxd6 11. Nc3 d5 12. Qd2 Bg5 13. Nxg5 Qxg5 14. f4 Qg7
15. Bxc6 Bxc6 16. Rae1 O-O-O 17. f5 Rde8 18. fxe6 Rxe6 19. Rxe6 fxe6 20. Re1 Re8
21. Qf4 e5 22. Rxe5 Rxe5 23. dxe5 d4 24. Ne4 Qg6 25. Qf8+ Kc7 26. Qd6+ Qxd6 27.
Nxd6 Kd7 28. Nf5 Ke6 29. Nxd4+ Kxe5 30. Nxc6+ bxc6 31. Kf2 Kf5 32. g3 Ke5 33.
Ke2 h5 34. c3 h4 35. gxh4 Kf4 36. b4 a6 37. a4 Ke4 38. h5 1-0

[Event "Sparkassen Open A"]
[Site "Dortmund GER"]
[Date "2012.07.19"]
[Round "6.30"]
[White "Heinert, Eugen"]
[Black "Schuelke, Tilman"]
[Result "0-1"]
[WhiteElo "2172"]
[BlackElo "2007"]
[WhiteFideId "24621390"]
[BlackFideId "4647475"]
[EventDate "2012.07.14"]

1. d4 d6 2. e4 Nf6 3. Nc3 g6 4. f4 Bg7 5. Nf3 O-O 6. Be2 c5 7. d5 Na6 8. O-O Nc7
9. Re1 Rb8 10. a4 a6 11. a5 b5 12. axb6 Rxb6 13. Bc4 Nb5 14. Na4 Rb8 15. h3 Qc7
16. Qe2 Bb7 17. Bd2 Kh8 18. Qf2 Nd4 19. Nxd4 cxd4 20. Bd3 e6 21. dxe6 fxe6 22.
g4 Rbd8 23. b3 Rf7 24. Nb2 d5 25. Ba5 Qc8 26. Bxd8 Qxd8 27. Qh4 Qd7 28. f5 g5
29. Qxg5 Nxe4 30. Bxe4 dxe4 31. fxe6 Qxe6 32. Rf1 Bf6 33. Qf4 Qc6 34. Rf2 d3 35.
g5 e3 36. Rh2 Bd4 37. Qxf7 e2+ 38. Qf2 Bxf2+ 0-1

[Event "Sparkassen Open A"]
[Site "Dortmund GER"]
[Date "2012.07.19"]
[Round "6.31"]
[White "Schleich, Theodor"]
[Black "Cebulla, Konstantin"]
[Result "0-1"]
[WhiteElo "2102"]
[BlackElo "1977"]
[WhiteFideId "24615218"]
[BlackFideId "1272025"]
[EventDate "2012.07.14"]

1. d4 e6 2. e4 d5 3. e5 c5 4. c3 Qb6 5. Nf3 Nc6 6. a3 c4 7. Nbd2 Na5 8. Be2 Bd7
9. O-O Ne7 10. Rb1 Qc7 11. Re1 Nc8 12. Nf1 Nb6 13. Bg5 Ba4 14. Qd2 Be7 15. Bd1
Bxd1 16. Rbxd1 h6 17. Bxe7 Qxe7 18. Qc2 O-O-O 19. N3d2 Kb8 20. Ne3 Rd7 21. Rb1
h5 22. f4 g6 23. Nf3 Rc7 24. g3 Qf8 25. Kh1 Nc6 26. Rf1 Ne7 27. a4 Nc6 28. b3
cxb3 29. Rxb3 Na5 30. Rb5 Nac4 31. Nxc4 Nxc4 32. Qa2 Qe7 33. a5 Rhc8 34. Rc1 Qa3
35. Qxa3 Nxa3 36. Rb3 Nc4 37. a6 b6 38. Kg2 Na5 39. Ra3 Nc4 40. Rb3 Re8 41. Kf2
Kc8 42. Ke2 Kd7 43. Nd2 Nxd2 44. Kxd2 Rc4 45. Ra1 Kc6 46. Raa3 Rb8 47. Kd3 b5
48. Ra5 Rb6 49. Rba3 b4 50. Rb3 Rxc3+ 51. Rxc3+ bxc3 52. Rc5+ Kd7 53. Ra5 Rc6
54. Kc2 Kc7 55. h3 Kb6 56. Ra3 Kb5 57. h4 Rxa6 58. Rxc3 Rc6 0-1

[Event "Sparkassen Open A"]
[Site "Dortmund GER"]
[Date "2012.07.19"]
[Round "6.33"]
[White "Grahl, Matthias"]
[Black "Wernert, Bruno"]
[Result "1-0"]
[WhiteElo "1851"]
[BlackElo "2040"]
[WhiteFideId "4692918"]
[BlackFideId "623288"]
[EventDate "2012.07.14"]

1. e4 c5 2. Nf3 g6 3. d4 cxd4 4. Qxd4 Nf6 5. Nc3 Nc6 6. Qa4 Bg7 7. e5 Ng8 8. Bf4
f6 9. e6 dxe6 10. Bb5 Kf7 11. Rd1 Qe8 12. O-O Bd7 13. Ne4 a6 14. Be2 Ne5 15.
Nxe5+ fxe5 16. Ng5+ Kf8 17. Rxd7 exf4 18. Rfd1 Be5 19. Rd8 1-0

[Event "Sparkassen Open A"]
[Site "Dortmund GER"]
[Date "2012.07.19"]
[Round "6.35"]
[White "Rodemann, Edmund"]
[Black "Boldt, Manfred"]
[Result "1-0"]
[WhiteElo "2033"]
[BlackElo "1946"]
[WhiteFideId "4634462"]
[BlackFideId "24655970"]
[EventDate "2012.07.14"]

1. e4 c5 2. c3 g6 3. d4 cxd4 4. cxd4 Bg7 5. Nc3 a6 6. Nf3 e6 7. Be3 Ne7 8. Be2
O-O 9. O-O d6 10. Qd2 Nd7 11. Bh6 b5 12. Bxg7 Kxg7 13. b3 Bb7 14. Bd3 Nc6 15.
Rac1 Qb6 16. Bb1 Rac8 17. Rfd1 Ne7 18. Qg5 Rfe8 19. Qf4 h6 20. h4 Nf6 21. g4 Nh7
22. g5 h5 23. Ne2 Rf8 24. Qd2 Rxc1 25. Rxc1 Rc8 26. Rxc8 Bxc8 27. Ng3 Qc6 28.
Ne1 Bb7 29. f3 Qb6 30. Kh2 Nc6 31. Ne2 e5 32. Nc2 Nf8 33. Kg3 Nd7 34. d5 Ne7 35.
Qe3 Qxe3 36. Nxe3 Bc8 37. Bc2 Ng8 38. a4 Nc5 39. axb5 axb5 40. Nc3 Ba6 41. b4
Nd7 42. Bd3 Nb6 43. Bxb5 Bb7 44. Bc6 Bc8 45. Nb5 Ne7 46. Nxd6 Bd7 47. b5 Kf8 48.
Ndc4 Nec8 49. Nxe5 Ke7 50. Bxd7 Nxd7 51. Nxd7 Kxd7 52. Nc4 Na7 53. b6 Nb5 54.
Kf4 Nd4 55. e5 Nf5 56. Nd6 Nxh4 57. Nxf7 Nf5 58. e6+ Kc8 59. d6 Ng7 60. d7+ Kb7
61. Ke5 1-0

[Event "Sparkassen Open A"]
[Site "Dortmund GER"]
[Date "2012.07.19"]
[Round "6.37"]
[White "Simanowski, Mio"]
[Black "Butschek, Tanja"]
[Result "1-0"]
[WhiteElo "1858"]
[BlackElo "2043"]
[WhiteFideId "24687154"]
[BlackFideId "24604640"]
[EventDate "2012.07.14"]

1. e4 c5 2. Nf3 e6 3. d4 cxd4 4. Nxd4 Nf6 5. Nc3 Nc6 6. Ndb5 Bb4 7. a3 Bxc3+ 8.
Nxc3 d5 9. exd5 exd5 10. Bd3 O-O 11. O-O Bg4 12. f3 Qb6+ 13. Kh1 Be6 14. Rb1
Rac8 15. Bg5 Nd7 16. f4 h6 17. Qh5 f5 18. Bxh6 Nf6 19. Qg6 Rf7 20. Bxg7 Ne7 21.
Qh6 Rxg7 22. Qxf6 d4 23. Rfe1 Rc6 24. Rxe6 Rxe6 25. Bc4 Rg6 26. Bxe6+ Qxe6 27.
Qxd4 Qc6 28. Qd2 Rg4 29. Re1 Kf7 30. h3 Rh4 31. Kh2 Rh6 32. Rd1 Re6 33. Qd7 Qc4
34. Qd4 Qc6 35. b4 a6 36. Qc5 Qxc5 37. bxc5 Rc6 38. Na4 Ke6 39. Rd6+ Rxd6 40.
cxd6 Kxd6 41. c4 Ng6 42. Kg3 Kc6 43. h4 b5 44. cxb5+ Kxb5 45. Nb2 Kc5 46. h5 Nh8
47. Kh4 Nf7 48. g4 fxg4 49. Kxg4 Kd4 50. Kf5 Nh6+ 51. Kg6 Ng8 52. h6 Ne7+ 53.
Kf7 Nf5 54. h7 Nh6+ 55. Kg6 1-0

[Event "Sparkassen Open A"]
[Site "Dortmund GER"]
[Date "2012.07.19"]
[Round "6.38"]
[White "Hassler, Rolf"]
[Black "Fenner, Martin"]
[Result "0-1"]
[WhiteElo "1897"]
[BlackElo "2003"]
[WhiteFideId "4638255"]
[BlackFideId "24603589"]
[EventDate "2012.07.14"]

1. e4 e6 2. d3 d5 3. Nd2 Nf6 4. g3 dxe4 5. dxe4 e5 6. Bg2 Nc6 7. Ngf3 Bc5 8. O-O
O-O 9. c3 a6 10. Qc2 Qe7 11. Nc4 h6 12. Ne3 Be6 13. b4 Ba7 14. a4 Rfd8 15. Nf5
Qd7 16. b5 axb5 17. Be3 bxa4 18. Rfd1 Bb3 19. Qxb3 axb3 20. Rxd7 Nxd7 21. Rb1
Bxe3 22. Nxe3 Nc5 23. Nd5 Ra2 24. Ne1 Rda8 25. Nb4 Nxb4 26. cxb4 Ra1 27. Rxa1
Rxa1 0-1

[Event "Sparkassen Open A"]
[Site "Dortmund GER"]
[Date "2012.07.19"]
[Round "6.40"]
[White "Strohmann, Marcel"]
[Black "Simon, Thomas"]
[Result "0-1"]
[WhiteElo "1801"]
[BlackElo "1950"]
[WhiteFideId "1270966"]
[BlackFideId "24645990"]
[EventDate "2012.07.14"]

1. e4 c5 2. Nf3 Nc6 3. d4 cxd4 4. Nxd4 Nf6 5. Nc3 e5 6. Ndb5 d6 7. Bg5 a6 8. Na3
b5 9. Nd5 Be7 10. Bxf6 Bxf6 11. c3 Bg5 12. Nc2 O-O 13. Nce3 Bxe3 14. Nxe3 Be6
15. a4 bxa4 16. Rxa4 a5 17. Bc4 Rb8 18. Qd2 Qc7 19. O-O Rfd8 20. Rfa1 Qb6 21.
Bxe6 fxe6 22. Nc4 Qb3 23. R1a2 d5 24. Ne3 d4 25. cxd4 Rxd4 26. Rxd4 exd4 27. Ra3
dxe3 0-1

[Event "Sparkassen Open A"]
[Site "Dortmund GER"]
[Date "2012.07.19"]
[Round "6.42"]
[White "Schaller, Fabian"]
[Black "Huebben, Dominik"]
[Result "1-0"]
[WhiteElo "1939"]
[BlackElo "1836"]
[WhiteFideId "12910422"]
[BlackFideId "12914347"]
[EventDate "2012.07.14"]

1. d4 Nf6 2. c4 e5 3. dxe5 Ng4 4. Bf4 Nc6 5. Nf3 Bc5 6. e3 f6 7. exf6 Qxf6 8.
Qc2 O-O 9. Nc3 d6 10. Nd5 Qd8 11. Bd3 h6 12. O-O-O Be6 13. a3 Bxd5 14. cxd5 Ne7
15. Rd2 Qe8 16. h3 Qh5 17. Nh2 Nxh2 18. Rxh2 Kh8 19. Be4 Rae8 20. g4 Qf7 21. h4
h5 22. Rg2 hxg4 23. Rxg4 Nf5 24. Rd1 Nh6 25. Rg5 Qf6 26. Rg6 1-0

[Event "Sparkassen Open A"]
[Site "Dortmund GER"]
[Date "2012.07.19"]
[Round "6.46"]
[White "Koch, Till"]
[Black "Oberste, Norbert"]
[Result "1-0"]
[WhiteElo "1892"]
[BlackElo "1811"]
[WhiteFideId "24688142"]
[BlackFideId "24608432"]
[EventDate "2012.07.14"]

1. e4 e6 2. d4 d5 3. exd5 exd5 4. c4 Bb4+ 5. Nc3 c6 6. Nf3 Bg4 7. a3 Bxc3+ 8.
bxc3 Nf6 9. cxd5 Nxd5 10. Qd3 f6 11. c4 Qe7+ 12. Be2 Nc7 13. O-O g6 14. d5 cxd5
15. cxd5 Bf5 16. Qd1 Qd6 17. Bd2 Nba6 18. Bc4 O-O 19. Nd4 Bd7 20. Qb3 b5 21.
Nxb5 Bxb5 22. Bxb5 Rab8 23. a4 Nc5 24. Qc4 Kg7 25. Bf4 Qxd5 26. Qxd5 Nxd5 27.
Bxb8 Rxb8 28. Rac1 Nb3 29. Rcd1 Nc3 30. Rd7+ Kh6 31. Re1 Nxb5 32. axb5 Rxb5 33.
g3 a5 34. Rb1 a4 35. Ra7 Rb4 36. Rb2 Rc4 37. Ra2 Nc5 38. Rc7 Rc3 39. Kg2 g5 40.
g4 Kg6 41. Re2 a3 42. Ree7 f5 43. Rc6+ 1-0

[Event "Sparkassen Open A"]
[Site "Dortmund GER"]
[Date "2012.07.20"]
[Round "7.1"]
[White "Schulze, Torben"]
[Black "Zaitsev, Mikhail"]
[Result "1/2-1/2"]
[BlackTitle "IM"]
[WhiteElo "2309"]
[BlackElo "2505"]
[WhiteFideId "24630560"]
[BlackFideId "4127560"]
[EventDate "2012.07.14"]

1. e4 e5 2. Nf3 Nf6 3. Nc3 Nc6 4. d4 exd4 5. Nxd4 Bb4 6. Nxc6 bxc6 7. Bd3 d5 8.
exd5 Qe7+ 9. Qe2 Qxe2+ 10. Bxe2 cxd5 1/2-1/2

[Event "Sparkassen Open A"]
[Site "Dortmund GER"]
[Date "2012.07.20"]
[Round "7.3"]
[White "Scheider, Julian"]
[Black "Zuse, Klaus-Peter"]
[Result "1-0"]
[BlackTitle "FM"]
[WhiteElo "2290"]
[BlackElo "2278"]
[WhiteFideId "24601284"]
[BlackFideId "4605306"]
[EventDate "2012.07.14"]

1. e4 c5 2. Nf3 d6 3. d4 cxd4 4. Nxd4 Nf6 5. Nc3 a6 6. Be3 e5 7. Nb3 Be6 8. f4
exf4 9. Bxf4 Nc6 10. Qd2 d5 11. O-O-O Bb4 12. Qd3 Bxc3 13. Qxc3 O-O 14. exd5
Nxd5 15. Qg3 Nce7 16. Nd4 Qa5 17. Be5 Ng6 18. Nxe6 fxe6 19. Bc4 Rac8 20. Bxd5
exd5 21. Qb3 Rc4 22. Bg3 Qc5 23. Rhe1 b5 24. Qd3 Rc8 25. Re2 d4 26. Kb1 a5 27.
Qe4 Qh5 28. Rxd4 Nf8 29. Qd5+ Qxd5 30. Rxd5 R4c5 31. Rxc5 Rxc5 32. a4 bxa4 33.
Re5 Rc4 34. Rxa5 Nd7 35. c3 Kf7 36. Ka2 h6 37. Ka3 Nc5 38. Ra7+ Kf6 39. Rc7 1-0

[Event "Sparkassen Open A"]
[Site "Dortmund GER"]
[Date "2012.07.20"]
[Round "7.5"]
[White "Torres-Kuckel, Rafael"]
[Black "Webb, Laurence E"]
[Result "1/2-1/2"]
[WhiteTitle "FM"]
[BlackTitle "FM"]
[WhiteElo "2306"]
[BlackElo "2265"]
[WhiteFideId "4625072"]
[BlackFideId "402389"]
[EventDate "2012.07.14"]

1. e4 e5 2. Nf3 Nc6 3. Bb5 a6 4. Ba4 Nf6 5. O-O b5 6. Bb3 Bc5 7. c3 d6 8. d4 Bb6
9. a4 Bb7 10. Re1 O-O 11. Bg5 h6 12. Bh4 Re8 13. dxe5 Nxe5 14. Nxe5 Rxe5 15. Nd2
Qe7 16. axb5 axb5 17. Rxa8+ Bxa8 18. Kf1 d5 19. exd5 Rxe1+ 20. Qxe1 Qxe1+ 21.
Kxe1 Nxd5 22. Bg3 Ne7 23. f3 Nf5 24. Bf2 Bxf2+ 1/2-1/2